Actas da Conferência Internacional sobre o Ensino do Português (Registo nº 1157)
[ vista simples ]
| 000 -Etiqueta do registo | |
|---|---|
| Cabeçalho | 01094nam a2200301 i 4500 |
| 005 - Identificador da versão | |
| Campo de controlo | 20240813121827.0 |
| 010 ## - Número internacional normalizado dos livros (ISBN) | |
| Número (ISBN) | 9789727422913 |
| 021 ## - Número do Depósito Legal | |
| Código do país | PT |
| Número | 280407/08 |
| 100 ## - Dados gerais de processamento | |
| Dados gerais de processamento | 20100312d2008 k y0pory5003 ba |
| 102 ## - Pais de publicação ou produção | |
| País de publicação | Portugal |
| 101 0# - Língua de publicação | |
| Língua do texto, banda sonora, etc. | Português |
| 106 ## - Campo de dados codificados: material textual | |
| Dados codificados do material textual | r |
| 105 ## - Campo de dados codificados: livros | |
| Dados codificados dos livros | a z 101yy |
| 215 ## - Descrição física | |
| Indicação específica da natureza do documento e extensão da espécie | 243 p. |
| Outras indicações físicas | il |
| Dimensões | 25 cm |
| 200 1# - Titulo e menção de responsabilidade | |
| Título próprio | Actas da Conferência Internacional sobre o Ensino do Português |
| Primeira menção de responsabilidade | Conferência Internacional sobre o Ensino... |
| -- | [org.] Carlos Reis |
| Outras menções de responsabilidade | apresent. Luís Capucha |
| -- | colab. Joana Batalha... [et al.] |
| 210 ## - Publicação, Distribuição, etc. | |
| Lugar da edição, distribuição, etc. | Lisboa |
| Nome do editor, distribuidor, etc. | Min. da Educação, DGIDC |
| Data da publicação, distribuição, etc. | D.L. 2008 |
| 675 ## - Classificação Decimal Universal (CDU) | |
| Notação | 371.32/.33(042) |
| Edição | BN |
| Língua da edição | por |
| Notação | 811.134.3(042) |
| Edição | BN |
| Língua da edição | por |
| Notação | 061.3 |
| Edição | BN |
| Língua da edição | por |
| 702 #1 - Nome de autor-pessoa física (responsabilidade secundária) | |
| Número de registo de entrada de autoridade | 0001619 |
| Palavra de ordem | Capucha |
| Outra parte do nome não tomada para palavra de ordem | Luís |
| Código de função | Autor da introdução / Prefaciador |
| Número de registo de entrada de autoridade | 0001620 |
| Palavra de ordem | Reis |
| Outra parte do nome não tomada para palavra de ordem | Carlos |
| Datas | 1950- |
| Código de função | Editor literário / Coordenador |
| 710 02 - Nome de colectividade-autor (responsabilidade principal) | |
| Número de registo de entrada de autoridade | 0001621 |
| Palavra de ordem | Conferência Internacional sobre o Ensino do Português |
| Número do grupo-eventual e/ou número de uma parte do grupo-eventual | Lisboa |
| Data do grupo-eventual | 2007 |
| 712 01 - Nome de colectividade-autor (responsabilidade secundária) | |
| Número de registo de entrada de autoridade | 0001622 |
| Palavra de ordem | Portugal |
| Subdivisão | Direcção Geral de Inovação e Desenvolvimento Curricular |
| Código de função | Organizador de conferência |
| 942 ## - Elementos de entrada adicionados (Koha) | |
| Tipo de item no Koha | Livro |
| Situação do levantamento | Origin of item (home branch) (coded) | Biblioteca de empréstimo | Código de barras | Cota | Circulation type (not for loan) | Tipo de documento | Nota do exemplar | Damaged status |
|---|---|---|---|---|---|---|---|---|
| Biblioteca Escolar Eng. Nuno Mergulhão | Biblioteca Escolar Eng. Nuno Mergulhão | BENM2110 | 37 EDU | Livro | Sem mensagem | |||
| Biblioteca Escolar Eng. Nuno Mergulhão | Biblioteca Escolar Eng. Nuno Mergulhão | BENM2111 | 37 EDU | Livro | Sem mensagem |
